000 00963nam a22002537a 4500
005 20100826122442.0
008 090109t xxu||||| |||| 00| 0urd d
010 _aUR-8016
020 _c200.00
_a978-93-80182-21-6
035 _aU-6571
037 _bDBAD/PUB
040 _aDPL
_burdu
082 _a844
100 _912785
_aشا ہجہا ں جعفر ی حجا ب ا مر و ہو ی
245 _aمضا میں حجا ب /
_cشا ہجہا ں جعفر ی حجا ب ا مر و ہو ی
246 _aMazameen-e-Hijab
_bby Takhleeqkar Publishers
260 _aد ہلی
_c2010 ء
_bتخلیق کا ر پبلشر ز
270 _a 205,II floor, St. No. 6, Luxmi Nagar
_bDelhi
_e110092
_k011-22442572
300 _a203 ص
_c22 س م (Hb)
650 _912786
700 _954088
942 _2ddc
_cUR
_h844
_mش ا ہ
999 _c72024
_d72024